000 00309nam a22000857a 4500
008 240522b ||||| |||| 00| 0 eng d
100 _aShreves Philatelic Galleries, Inc.
245 _aUnited States Postage and Revenue Stamps
_bThe Larry Lyons Collection
650 _aUnited States Stamps|Postage Stamps|Revenue Stamps
999 _c3600
_d3600